Assets owned by Paramount Global - Statistics

General Stats
  • This quiz has been taken 281 times
  • The average score is 7 of 10
Answer Stats
Hint Answer % Correct
Some say this channel "killed the radio star" - Pimp My Ride, Punk'd, Cribs MTV
91%
Cable TV network aimed at kids & teens - SpongeBob, Rugrats, iCarly, Zoey 101, Kenan & Kel Nickelodeon
91%
One of the big 3 US TV networks - The Late Show, Big Bang Theory, Two and a Half Men, CSI, NCIS CBS
84%
One of the 'Big 5' Hollywood film studios - Titanic, Transformers, Forrest Gump, The Godfather, Mission Impossible Paramount Pictures
82%
The network devoted to making you laugh, especially at roasts - South Park, The Daily Show, Drunk History Comedy Central
78%
Cable channel whose target audience is African-Americans BET
56%
Broadcast network aimed at young adults - Riverdale, The Flash, Gilmore Girls, Gossip Girl, Arrow, Jane the Virgin (50% stake) The CW
50%
Premium cable network with success in original programming - Dexter, Billions, Homeland, Ray Donovan Showtime
44%
Similar channel to answer # 3 VH1
43%
Film studio previously owned by Harvey Weinstein - Chicago, Pulp Fiction, There Will Be Blood (49% stake) Miramax
38%
No matching quizzes found
Score Distribution
Percent of People with Each Score
Percentile by Number Answered
Your Score History
You have not taken this quiz